| 000 | 00959nam a22002537a 4500 | ||
|---|---|---|---|
| 999 |
_c65983 _d65983 |
||
| 005 | 20240530110853.0 | ||
| 008 | 201102s2019 ua a g b 000 0dara d | ||
| 017 |
_a2019/15339 _bمصر. دار الكتب |
||
| 020 | _a9789773195106 | ||
| 040 |
_aEG-CaGPL _cEG-CaGPL |
||
| 082 | 0 | 4 |
_221 _a070.4832/ _bأ م |
| 100 | 0 | _aاسماء عبدالرحمن حسين | |
| 245 | 1 | 0 |
_aمجلات الاطفال وتنمية القيم الاخلاقية للاطفال / _cاسماء عبدالرحمن حسين |
| 250 | _aط.1 | ||
| 260 |
_aالقاهرة : _bالعربى للنشر و التوزيع، _c2019 |
||
| 300 |
_a287 ص. ؛ _c24 سم. |
||
| 504 | _aيشتمل على ارجاعات ببليوجرافية | ||
| 650 | 0 | 7 |
_2qrmak _aدوريات الاطفال |
| 650 | 0 | 7 |
_2qrmak _aمجلات الاطفال |
| 650 | 0 | 7 |
_2qrmak _aتعليم الاطفال |
| 651 | _2qrmak | ||
| 942 |
_2ddc _cBK |
||